000
002990000a22000970004500
100
1
_a
Rooy, Sidney
245
1
0
_a
Los indígenas Chimborazo - Ecuador y la evangelización católica (II)
300
_a
Vol. 18, Num 4 (Octubre-Diciembre, 1999), Páginas 30-31
773
0
_t
Iglesia y Misión
942
_c
ANA
999
_c
52424
_d
52424